000 00294nam a2200121Ia 4500
008 190216s9999||||xx |||||||||||||| ||und||
100 _aHembarua
245 0 _aAssamese Literature
260 _bNational Book Trust India
_c1965
300 _a277p
650 _aAssamese Literature
942 _cREF
999 _c35216
_d35216